000 01249cam a22003497a 4500
003 CHAP
005 20220329142530.0
008 010913s1992 mx ab r 00110 spa d
010 _a84619
011 _a85591
035 _a96125
040 _cCHAP
090 _aFolleto 16215
100 0 0 _aRamírez López, Alfredo.
_994096
245 1 3 _aLa problematica del agua en el Valle de Texcoco
_c/por Alfredo Ramírez López
260 _aChapingo, Méx. :
_bEl Autor,
_c1992.
300 _a45 h. :
_bilus. ; mapas, ; gráfs.
590 _aBATCH-UPD
_b10
_c20130110
_lUCH01
_h0602
590 _aBATCH-UPD
_b10
_c20130410
_lUCH01
_h0244
590 _aBATCH-UPD
_b10
_c20130914
_lUCH01
_h1952
590 _aCONVERSION
_b10
_c20130109
_lUCH01
_h1347
650 1 4 _aAgua subterranea
_zMexico (Edo.).
_92488
650 1 4 _aAgua
_xAbastecimiento
_xMexico (Edo.)
_92252
650 1 4 _aAgua
_xAprovechamiento
_xMexico (Edo.)
_92298
650 1 4 _aAgua
_xConservacion
_xMexico (Edo.)
_92331
901 _aBK
905 _aMayto Villalobos S.
942 _cFOLL
949 _aFolleto 16215
_bBC
_cFOLL
_d00000033724123
_eTS2
_fc.3
_i96125
_st
949 _aFolleto 16215
_bBC
_cFOLL
_d961251
_eTS1
_fc.2
_i96125
_sb
949 _aFolleto 16215
_bBC
_cUACH
_d33724002042165
_eUACH
_i96125
_si
999 _c84619
_d84619